[Event "Challenge"]
[Site "http://www.queenalice.com/game.php?id=655678"]
[Date "2009.9.20"]
[Round "-"]
[White "chyco"]
[Black "chikasawa"]
[Result "1-0"]
[WhiteElo "1601"]
[BlackElo "1414"]

1. e4 e5 2. Qf3 Nf6 3. Bc4 d5 4. exd5 Bc5 5. Qg3 O-O 6. d3 Ng4 7. h3 Bxf2+ 8.
Qxf2 Nxf2 9. Kxf2 Qh4+ 10. g3 Qd4+ 11. Kg2 f5 12. Nf3 1-0

[Event "Dama é + legal"]
[Site "http://www.queenalice.com/game.php?id=725092"]
[Date "2010.2.3"]
[Round "1"]
[White "chikasawa"]
[Black "DKonishi"]
[Result "0-1"]
[WhiteElo "1393"]
[BlackElo "1517"]

1. e4 e5 2. Qh5 Nc6 3. Bb5 Nf6 4. Qh4 Nd4 5. Ba4 Bc5 6. c3 Nc6 7. Bxc6 bxc6 8.
Qg5 O-O 9. Qxe5 d6 10. Qg3 Nxe4 11. Qf3 Nxf2 12. Qxc6 Bd7 13. Qf3 Nxh1 14. d4
Bb6 15. g3 Qe7+ 16. Kd2 Rfe8 17. Kc2 c5 18. Ne2 Qxe2+ 19. Qxe2 Rxe2+ 20. Nd2
cxd4 21. Kd3 Re3+ 22. Kc2 Bf5+ 23. Kb3 Be6+ 24. Nc4 Re5 25. Bf4 Rb5+ 26. Ka4
Bxc4 27. b3 Ra5+ 28. Kb4 Bd5 29. cxd4 Bc7 30. Re1 Rxa2 31. Re7 Rc8 32. h4 Be6
33. h5 Kf8 34. Bg5 h6 35. d5 Bxd5 0-1

[Event "AUTO-OPEN-1869"]
[Site "http://www.queenalice.com/game.php?id=727229"]
[Date "2010.2.6"]
[Round "1"]
[White "chikasawa"]
[Black "sandromm"]
[Result "0-1"]
[WhiteElo "1405"]
[BlackElo "1638"]

1. e4 g6 2. Nf3 Bg7 3. Ng5 d6 4. Bc4 f6 5. Nf7 Qd7 6. Nxh8 Bxh8 7. Bxg8 e6 8.
Nc3 Kf8 9. Bxh7 Qxh7 10. d4 Nc6 11. Nb5 a6 12. Nc3 Bd7 13. d5 exd5 14. Nxd5 Be6
15. c3 Re8 16. Ne3 Kf7 17. Bd2 Ne5 18. h3 Nd3+ 19. Kf1 Qh4 20. g3 Qxe4 21. Rh2
Bg7 22. f3 Qc6 23. Be1 Nxb2 24. Rxb2 Bxh3+ 25. Kg1 Rxe3 26. Rf2 Qb6 27. Kh2 Bd7
28. Bd2 Rd3 29. Re2 Rxf3 30. Qe1 Bf8 31. Bh6 Bxh6 32. Re7+ Kg8 33. Rxd7 Rf2+ 34.
Kh1 Qc6+ 35. Kg1 Qg2# 0-1

[Event "AUTO-OPEN-1869"]
[Site "http://www.queenalice.com/game.php?id=727258"]
[Date "2010.2.6"]
[Round "1"]
[White "chikasawa"]
[Black "Luccascarvalho"]
[Result "0-1"]
[WhiteElo "1344"]
[BlackElo "1346"]

1. e4 e5 2. Nf3 Nc6 3. Nc3 d6 4. d4 Be7 5. d5 Na5 6. Bd2 Nf6 7. b4 c6 8. bxa5
cxd5 9. exd5 O-O 10. Bg5 Qxa5 11. Bxf6 Bxf6 12. Qd2 Bf5 0-1

[Event "AUTO-OPEN-1869"]
[Site "http://www.queenalice.com/game.php?id=727259"]
[Date "2010.2.6"]
[Round "1"]
[White "Luccascarvalho"]
[Black "chikasawa"]
[Result "1-0"]
[WhiteElo "1362"]
[BlackElo "1328"]

1. e4 e5 2. Bc4 Nf6 3. Nf3 Nxe4 4. d3 Nf6 5. Ng5 d5 6. Bb3 Bc5 7. O-O b6 8. Nf3
Bg4 9. Nc3 c6 10. Qe2 Nbd7 11. h3 Bxf3 12. Qxf3 1-0

[Event "AUTO-INT-1603"]
[Site "http://www.queenalice.com/game.php?id=727759"]
[Date "2010.2.7"]
[Round "1"]
[White "amandrix"]
[Black "chikasawa"]
[Result "1-0"]
[WhiteElo "1541"]
[BlackElo "1360"]

1. e4 e5 2. Nf3 Nc6 3. Nc3 Bb4 4. d3 d6 5. Bg5 f6 6. a3 Bxc3+ 7. Bd2 Bxb2 8. Rb1
Bxa3 9. Nh4 Be6 10. Qf3 Nd4 11. Qg3 g6 12. Qf3 1-0

[Event "AUTO-INT-1603"]
[Site "http://www.queenalice.com/game.php?id=727760"]
[Date "2010.2.7"]
[Round "1"]
[White "chikasawa"]
[Black "amandrix"]
[Result "0-1"]
[WhiteElo "1360"]
[BlackElo "1528"]

1. e4 e5 2. Nf3 d5 3. Nxe5 f6 4. Nf3 dxe4 5. Qe2 f5 6. d3 Nf6 7. dxe4 Nxe4 8.
Qb5+ c6 9. Qe5+ Qe7 10. Bf4 Nd7 11. Qa5 b6 12. Qa3 Ndf6 0-1

[Event "AUTO-INT-1603"]
[Site "http://www.queenalice.com/game.php?id=727775"]
[Date "2010.2.7"]
[Round "1"]
[White "Panzer85"]
[Black "chikasawa"]
[Result "0-1"]
[WhiteElo "1692"]
[BlackElo "1376"]

1. e4 e5 2. Nf3 Nc6 3. Bc4 Nf6 4. d4 Nxe4 5. dxe5 Bc5 6. O-O d6 7. Qd5 Ne7 8.
Qxf7+ Kd7 9. Qxg7 Kc6 10. Nc3 Nxc3 11. bxc3 b5 12. Bb3 Nd5 13. Bxd5+ Kxd5 14.
Rd1+ Kc6 15. Ng5 Rg8 16. Qxh7 Qf8 17. Ne6 Qxf2+ 18. Kh1 Qxg2# 0-1

[Event "AUTO-INT-1603"]
[Site "http://www.queenalice.com/game.php?id=727776"]
[Date "2010.2.7"]
[Round "1"]
[White "chikasawa"]
[Black "Panzer85"]
[Result "0-1"]
[WhiteElo "1398"]
[BlackElo "1661"]

1. e4 e5 2. Nf3 Nc6 3. Bb5 Nge7 4. d3 a6 5. Bxc6 Nxc6 6. Ng5 h6 7. Nf3 d6 8. Nc3
Be6 9. h3 Be7 10. d4 O-O 11. d5 Nd4 12. dxe6 fxe6 13. Nxd4 exd4 14. Qxd4 c6 15.
Bd2 Bf6 16. Qd3 Qe7 17. O-O-O Bg5 18. Bxg5 Qxg5+ 19. Kb1 Qxg2 20. Qxd6 Rf6 21.
Qe7 Rb8 22. Rhg1 Rf7 23. Qxe6 Qf3 24. Rd7 Qxf2 25. Rgd1 Rf8 26. e5 Kh8 27. Qd6
Qh2 28. Rxf7 Rxf7 29. e6 Qxd6 30. Rxd6 Rf6 31. Ne4 Rf1+ 32. Rd1 Rxd1# 0-1

[Event "AUTO-INT-1603"]
[Site "http://www.queenalice.com/game.php?id=727785"]
[Date "2010.2.7"]
[Round "1"]
[White "kinggeorge"]
[Black "chikasawa"]
[Result "1-0"]
[WhiteElo "1164"]
[BlackElo "1385"]

1. e3 e5 2. c4 Nf6 3. d4 exd4 4. exd4 d5 5. Ne2 Qe7 6. Qa4+ Bd7 7. Qa3 Qe4 8. f3
Qe6 9. Qb3 Nc6 10. g3 Nxd4 11. Qxb7 Rc8 12. cxd5 Nxd5 13. Na3 Qe5 14. Nc4 Nc2+
15. Kd2 Qf5 16. g4 Qxf3 17. Kxc2 Ne3+ 18. Kd3 Qxb7 19. Bxe3 Qxh1 20. Nd2 c5 21.
Ng3 Bb5+ 22. Kc2 Qc6 23. a4 Bxa4+ 24. b3 Bb5 25. Rxa7 Bxf1 26. Ngxf1 Ra8 27. Ra4
Rxa4 28. bxa4 Qxa4+ 29. Nb3 c4 30. Nd2 cxb3+ 31. Kc3 b2 32. Kxb2 Qa3+ 33. Kc2
Qxe3 34. g5 Qe2 35. h4 Bb4 36. h5 Qxd2+ 37. Kb3 Ke7 38. Ka4 Rb8 39. g6 1-0